Uprooted : Jewish refugees and displaced persons after liberation /

Bibliographic Details
Main Author: Warhaftig, Zorach, 1906-
Other Authors: Freid, Jacob
Format: Book
Language:English
Published: New York : Institute of Jewish Affairs of the American Jewish Congress and World Jewish Congress, 1946.
Series:From war to peace ; no. 5.
Subjects:

MARC

Tag First Indicator Second Indicator Subfields
LEADER 00000cam a2200000 a 4500
001 in00000511792
005 20151013080204.0
008 760212s1946 nyu b 00110 engm
010 |a  47000165  
035 |a (OCoLC)01987978 
035 |9 ACE9489AM 
040 |a DLC  |c GUA  |d TXA  |d UtOrBLW 
049 |a TXAM  |c [1676620] 
050 0 0 |a D808  |b .W33 
082 0 |a 940.5315296 
100 1 |a Warhaftig, Zorach,  |d 1906- 
245 1 0 |a Uprooted :  |b Jewish refugees and displaced persons after liberation /  |c by Zorach Warhaftig. 
264 1 |a New York :  |b Institute of Jewish Affairs of the American Jewish Congress and World Jewish Congress,  |c 1946. 
300 |a vii, 219 pages ;  |c 24 cm. 
336 |a text  |b txt  |2 rdacontent 
337 |a unmediated  |b n  |2 rdamedia 
338 |a volume  |b nc  |2 rdacarrier 
490 1 |a From war to peace ;  |v no. 5 
500 |a Edited by Jacob Freid--Pref. 
504 |a Includes bibliographical references and indexes. 
650 0 |a World War, 1939-1945  |x Jews. 
650 0 |a World War, 1939-1945  |x Refugees. 
700 1 |a Freid, Jacob. 
830 0 |a From war to peace ;  |v no. 5. 
999 |a MARS 
999 f f |s f03a05d7-1cb7-3a28-9648-91e99ab1db36  |i 26f2d3b6-d6a0-341b-af1f-ef903497f58e  |t 0 
952 f f |p ric  |a Texas A&M University  |b Rellis Campus  |c Joint Library Facility  |d Remote Storage  |t 0  |e D808 .W33  |h Library of Congress classification  |i unmediated -- volume  |m A14807855322 
998 f f |a D808 .W33  |t 0  |l Remote Storage